Diamond in the rough : Charm & Deceit/ Jennifer AlLee and Lisa Karon Richardson.
Grant Diamond is a professional gambler on the run from his past. When he comes across a wagon wreck, the chance to escape his pursuers is too good a gamble to pass up, and he assumes the identity of the dead wagon driver. His plan takes an unexpected turn when local heiress Lily Rose mistakes him for the missionary she had asked to come work with the Wiyot Indians. Seeing Eureka as a promising place to lay low, Grant plays along. Before he knows it, he's bluffing his way through sermons and building an Indian school. But with a Pinkerton on his trail and a rancher rousing fresh hatred against the Indians, Grant fears the new life he's built may soon crumple like a house of cards.
Record details
- ISBN: 9781603747424
- ISBN: 1603747427
- Physical Description: 255 pages ; 22 cm.
- Publisher: New Kensington, Pennsylvania : Whitaker House, [2013]
Search for related items by subject
| Subject: | Single women > Fiction. Gamblers > Fiction. Impersonation > Fiction. |
| Genre: | Romance fiction. Christian fiction. Historical fiction. Western fiction. |
Search for related items by series
Available copies
- 1 of 1 copy available at scottsboropl.
Holds
- 0 current holds with 1 total copy.
Show Only Available Copies
| Location | Call Number / Copy Notes | Barcode | Shelving Location | Status | Due Date |
|---|---|---|---|---|---|
| scottsboropl | F AlL | 32269001279556 | Adult - Fiction | Available | - |
| LDR | 03089cam a2200745 i 4500 | ||
|---|---|---|---|
| 001 | 166191 | ||
| 003 | SBPL | ||
| 005 | 20250625155950.0 | ||
| 008 | 130305s2013 pau 000 1 eng | ||
| 010 | . | ‡a 2013001531 | |
| 020 | . | ‡a9781603747424 ‡q(alk. paper) | |
| 020 | . | ‡a1603747427 ‡q(alk. paper) | |
| 024 | 1 | . | ‡a630809747426 |
| 035 | . | ‡a(OCoLC)823831673 ‡z(OCoLC)993996295 ‡z(OCoLC)1465914452 | |
| 050 | 0 | 0. | ‡aPS3601.I39 ‡bD53 2013 |
| 082 | 0 | 0. | ‡a813/.6 ‡223 |
| 100 | 1 | . | ‡aAlLee, Jennifer.: ‡eauthor |
| 245 | 1 | 0. | ‡aDiamond in the rough : ‡bCharm & Deceit/ ‡cJennifer AlLee and Lisa Karon Richardson. |
| 264 | 1. | ‡aNew Kensington, Pennsylvania : ‡bWhitaker House, ‡c[2013] | |
| 300 | . | ‡a255 pages ; ‡c22 cm. | |
| 336 | . | ‡atext ‡btxt ‡2rdacontent | |
| 337 | . | ‡aunmediated ‡bn ‡2rdamedia | |
| 338 | . | ‡avolume ‡bnc ‡2rdacarrier | |
| 490 | 1 | . | ‡aCharm & Deceit ; ‡vBk 1 |
| 520 | . | ‡aGrant Diamond is a professional gambler on the run from his past. When he comes across a wagon wreck, the chance to escape his pursuers is too good a gamble to pass up, and he assumes the identity of the dead wagon driver. His plan takes an unexpected turn when local heiress Lily Rose mistakes him for the missionary she had asked to come work with the Wiyot Indians. Seeing Eureka as a promising place to lay low, Grant plays along. Before he knows it, he's bluffing his way through sermons and building an Indian school. But with a Pinkerton on his trail and a rancher rousing fresh hatred against the Indians, Grant fears the new life he's built may soon crumple like a house of cards. | |
| 650 | 0. | ‡aSingle women ‡vFiction. | |
| 650 | 0. | ‡aGamblers ‡vFiction. | |
| 650 | 0. | ‡aImpersonation ‡vFiction. | |
| 655 | 7. | ‡aRomance fiction. ‡2lcgft | |
| 655 | 7. | ‡aChristian fiction. ‡2lcgft | |
| 655 | 7. | ‡aHistorical fiction. ‡2lcgft | |
| 655 | 7. | ‡aWestern fiction. ‡2lcgft | |
| 700 | 1 | . | ‡aRichardson, Lisa Karon, ‡d1978- |
| 830 | 0. | ‡aCharm & deceit ; ‡vbk. 1. | |
| 901 | . | ‡a166191 ‡bAUTOGEN ‡c166191 ‡tbiblio | |